000 00291nam a2200133Ia 4500
100 _aSrinivasan/ S.
942 _cBK
654 _aengineering
245 _aAutomobile engineering
260 _bTata Mc Graw hill
_aNew Delhi
_c1982
082 _a629.23
300 _a234
546 _aENGLISH
999 _c25590
_d25590